000 00427nam a2200145Ia 4500
041 _aArabic
082 _a341 cut-849 ح
100 _a20260118u\\\\\\\\\\\y0engy0103\\\\ba
100 _aا.د.صلاح الدين احمد حمدي
245 0 _aدراسات في القانون الدولي العام
250 _aط1
260 _bمنشورات جامعة جيهان
_aاربيل
_c2011
300 _a308
942 _cBk
999 _c188567
_d188567